Normal view
MARC view
- الاسلام والرأسمالية- الاقتصاد الاسلامي
Entry Topical Term
001 - CONTROL NUMBER
- control field: 14190
003 - CONTROL NUMBER IDENTIFIER
- control field: JO-AjAnu
005 - DATE AND TIME OF LATEST TRANSACTION
- control field: 20230606072552.0
008 - FIXED-LENGTH DATA ELEMENTS
- fixed length control field: 230606|| aca||aabn | a|a d
040 ## - CATALOGING SOURCE
- Original cataloging agency: JO-AjAnu
- Transcribing agency: JO-AjAnu
150 ## - HEADING--TOPICAL TERM
- Topical term or geographic name entry element: الاسلام والرأسمالية- الاقتصاد الاسلامي
670 ## - SOURCE DATA FOUND
- Source citation: Work cat.: (JO-AjAnu)7293: الخالدي، محمود, author 14189, الإقتصاد الرأسمالي في مرآة الإسلام